000 00287nam a22001337a 4500
008 171102b xxu||||| |||| 00| 0 eng d
020 _a9780470112694
041 _aeng
080 _a33
100 _a59
101 _aBUS
245 _aBUSINESS PLAN GUIDE
_cFORD, B.R
942 _2udc
_cBK
999 _c37236
_d37236